[Event "Kimry Rating op 38th"]
[Site "Kimry"]
[Date "2008.04.25"]
[Round "6"]
[White "Danilov, Alexander"]
[Black "Ulianov, Sergey"]
[Result "1-0"]
[WhiteElo "1956"]
[BlackElo "2014"]
[PlyCount "83"]
[EventDate "2008.04.20"]
[EventType "swiss"]
[EventRounds "7"]
[EventCountry "RUS"]
[SourceTitle "EXT 2022"]
[Source "ChessBase"]
[SourceDate "2021.10.06"]
[SourceVersion "1"]
[SourceVersionDate "2021.10.06"]
[SourceQuality "1"]

1. e4 c6 2. d4 d5 3. e5 Bf5 4. Ne2 e6 5. Ng3 Bg6 6. Be2 Nd7 7. 0-0 Qb6 8. c3 c5 9. b3 Ne7 10. dxc5 Qxc5 11. Be3 Qc7 12. f4 Nf5 13. Nxf5 Bxf5 14. c4 Bc5 15. Qd2 Bxb1 16. Raxb1 Bxe3+ 17. Qxe3 dxc4 18. Rfc1 0-0 19. Rxc4 Qa5 20. Ra4 Qb6 21. Kf2 Qxe3+ 22. Kxe3 Rfd8 23. Rc1 Nb6 24. Rd4 Rxd4 25. Kxd4 Rd8+ 26. Ke3 h6 27. Rc2 Rd7 28. a4 Nd5+ 29. Ke4 Rc7 30. Bc4 Nb6 31. g4 Kf8 32. Kd4 Ke7 33. Rc3 Rd7+ 34. Kc5 Rc7+ 35. Kb4 Rd7 36. Kc5 Rc7+ 37. Kd4 Rd7+ 38. Ke4 Rc7 39. f5 Rd7 40. Bb5 Nd5 41. Rc8 Rc7 42. Re8# 1-0

[Event "Kimry-ch"]
[Site "Kimry"]
[Date "2005.01.??"]
[Round "6"]
[White "Bik Mukhamedov, Mikhail"]
[Black "Ulianov, Sergey"]
[Result "0-1"]
[WhiteElo "1853"]
[BlackElo "2045"]
[PlyCount "132"]
[EventDate "2005.01.??"]
[EventType "swiss"]
[EventRounds "9"]
[EventCountry "RUS"]
[SourceTitle "EXT 2006"]
[Source "ChessBase"]
[SourceDate "2005.11.24"]
[SourceVersion "1"]
[SourceVersionDate "2005.11.24"]
[SourceQuality "1"]

1. e4 c6 2. d4 d5 3. exd5 cxd5 4. Nc3 Nf6 5. Bf4 Bf5 6. Bd3 Bxd3 7. Qxd3 Nc6 8. Nf3 e6 9. 0-0 Bd6 10. Bg3 0-0 11. Rfe1 Bxg3 12. hxg3 Qb6 13. Qb5 Nxd4 14. Qxb6 Nxf3+ 15. gxf3 axb6 16. Rad1 Rfc8 17. Rd4 h6 18. Rb4 Rc6 19. a3 Nd7 20. Rd1 f6 21. Rd2 Ne5 22. Kg2 Nc4 23. Re2 Kf7 24. Na4 Rac8 25. c3 Ra8 26. b3 Nd6 27. Rxb6 Rxb6 28. Nxb6 Rxa3 29. Rb2 Ra6 30. Na4 Rc6 31. Rc2 b5 32. Nb2 d4 33. c4 bxc4 34. bxc4 e5 35. c5 Nb5 36. Nd3 Nc3 37. Rb2 Nd5 38. Rb7+ Kg6 39. Rb2 Kf5 40. Re2 g5 41. g4+ Kg6 42. Kg3 Nf4 43. Nxf4+ gxf4+ 44. Kg2 Rxc5 45. Kf1 Rc1+ 46. Kg2 Kg5 47. Rd2 h5 48. gxh5 Kxh5 49. Re2 Rc3 50. Re1 Kg5 51. Rd1 Kf5 52. Re1 Ke6 53. Rd1 Kd5 54. Re1 Kc4 55. Rd1 d3 56. Kf1 Rc2 57. Ke1 Kc3 58. Kf1 Rd2 59. Rc1+ Kb2 60. Rc8 Rc2 61. Rb8+ Kc1 62. Ra8 d2 63. Ra1+ Kb2 64. Rd1 Rc1 65. Ke2 Rxd1 66. Kxd1 Kc3 0-1

[Event "Kimry"]
[Site "Kimry"]
[Date "2004.05.06"]
[Round "6"]
[White "Jarulin, Rufat"]
[Black "Ulianov, Sergey"]
[Result "1-0"]
[WhiteElo "2095"]
[BlackElo "2035"]
[PlyCount "49"]
[EventDate "2004.05.??"]
[EventType "tourn"]
[EventRounds "11"]
[EventCountry "RUS"]
[SourceTitle "EXT 2005"]
[Source "ChessBase"]
[SourceDate "2004.11.15"]
[SourceVersion "1"]
[SourceVersionDate "2004.11.15"]
[SourceQuality "1"]

1. e4 c6 2. d4 d5 3. exd5 cxd5 4. Bd3 Nc6 5. c3 Nf6 6. Bf4 e6 7. Nf3 Bd6 8. Bxd6 Qxd6 9. 0-0 h6 10. Re1 b6 11. Nbd2 Bb7 12. Ne5 g5 13. Qf3 Ke7 14. Nf1 Rag8 15. Ng3 Qc7 16. Nh5 Nxh5 17. Qxf7+ Kd8 18. Qxh5 Nxe5 19. Rxe5 Bc8 20. Rae1 Qg7 21. c4 Qf6 22. cxd5 Rf8 23. Qe2 g4 24. dxe6 Ke7 25. Qc2 1-0

[Event "Kimry-ch"]
[Site "Kimry"]
[Date "2004.??.??"]
[Round "3"]
[White "Asrian, Armen"]
[Black "Ulianov, Sergey"]
[Result "1-0"]
[WhiteElo "2205"]
[BlackElo "2087"]
[PlyCount "79"]
[EventDate "2004.??.??"]
[EventType "swiss"]
[EventRounds "9"]
[EventCountry "RUS"]
[SourceTitle "EXT 2005"]
[Source "ChessBase"]
[SourceDate "2004.11.15"]
[SourceVersion "1"]
[SourceVersionDate "2004.11.15"]
[SourceQuality "1"]

1. e4 c6 2. d4 d5 3. Nc3 dxe4 4. Nxe4 Bf5 5. Ng3 Bg6 6. Nf3 e6 7. Ne5 Ne7 8. Nxg6 Nxg6 9. c3 Qd5 10. Be3 Nd7 11. Qb3 Qxb3 12. axb3 Nf6 13. b4 Nd5 14. Be2 Bd6 15. Ne4 Kd7 16. 0-0 Bf4 17. Bc1 Bxc1 18. Rfxc1 h6 19. b5 Nge7 20. Bf1 Kc7 21. c4 Nb6 22. c5 Nbd5 23. Nd6 Rhf8 24. Ra3 Nc8 25. Ne4 Nce7 26. Rca1 cxb5 27. Bxb5 a6 28. Nd6 Nb4 29. Bd3 Nec6 30. Be4 Nxd4 31. Bxb7 Rab8 32. Rd1 Nb5 33. Rb3 Nxd6 34. cxd6+ Kxb7 35. Rxb4+ Kc6 36. Rc4+ Kb6 37. d7 Rfd8 38. g3 Rb7 39. Rcd4 Kc6 40. Rd6+ 1-0

[Event "Kimry-ch"]
[Site "Kimry"]
[Date "2004.??.??"]
[Round "8"]
[White "Ulianov, Sergey"]
[Black "Doronine, Vladimir"]
[Result "0-1"]
[WhiteElo "2087"]
[BlackElo "1906"]
[PlyCount "66"]
[EventDate "2004.??.??"]
[EventType "swiss"]
[EventRounds "9"]
[EventCountry "RUS"]
[SourceTitle "EXT 2005"]
[Source "ChessBase"]
[SourceDate "2004.11.15"]
[SourceVersion "1"]
[SourceVersionDate "2004.11.15"]
[SourceQuality "1"]

1. e4 e5 2. Nf3 Nc6 3. Bc4 Nf6 4. Ng5 d5 5. exd5 Nxd5 6. Qf3 Be6 7. Nxe6 fxe6 8. Bb5 Qd6 9. a3 0-0-0 10. Bxc6 Qxc6 11. Nc3 Bc5 12. 0-0 Rhf8 13. Qg3 Nf4 14. d3 Bd4 15. Bxf4 exf4 16. Qg4 Rf6 17. Ne4 Rf5 18. Rab1 Qxc2 19. Qf3 Bb6 20. Rfd1 g5 21. Qh5 Rfd5 22. Qf7 Rxd3 23. Qxe6+ Kb8 24. h3 Rxd1+ 25. Rxd1 Qxd1+ 26. Kh2 Qd5 27. Qe7 h6 28. Qf6 c6 29. Nc3 Qd6 30. Qf5 Bxf2 31. h4 Bxh4 32. Ne4 Bg3+ 33. Kh3 Qd7 0-1

[Event "Kimry-ch"]
[Site "Kimry"]
[Date "2003.??.??"]
[Round "4"]
[White "Asrian, Armen"]
[Black "Ulianov, Sergey"]
[Result "1-0"]
[WhiteElo "2215"]
[BlackElo "2035"]
[PlyCount "35"]
[EventDate "2003.??.??"]
[EventType "swiss"]
[EventRounds "9"]
[EventCountry "RUS"]
[SourceTitle "EXT 2007"]
[Source "ChessBase"]
[SourceDate "2006.11.23"]
[SourceVersion "1"]
[SourceVersionDate "2006.11.23"]
[SourceQuality "1"]

1. e4 b6 2. d4 e6 3. Nf3 Bb7 4. Bd3 Nf6 5. Qe2 Be7 6. 0-0 0-0 7. Re1 d6 8. Nbd2 Nbd7 9. e5 Nd5 10. Ne4 dxe5 11. dxe5 Nc5 12. Nxc5 Bxc5 13. Ng5 h6 14. Qe4 g6 15. Nxe6 Bxf2+ 16. Kxf2 fxe6+ 17. Kg1 Rf7 18. Bxh6 1-0

[Event "Kimry-ch"]
[Site "Kimry"]
[Date "2003.??.??"]
[Round "2"]
[White "Ulianov, Sergey"]
[Black "Gromov, Artur"]
[Result "0-1"]
[WhiteElo "2035"]
[BlackElo "2255"]
[PlyCount "54"]
[EventDate "2003.??.??"]
[EventType "swiss"]
[EventRounds "9"]
[EventCountry "RUS"]
[SourceTitle "EXT 2007"]
[Source "ChessBase"]
[SourceDate "2006.11.23"]
[SourceVersion "1"]
[SourceVersionDate "2006.11.23"]
[SourceQuality "1"]

1. e4 g6 2. d4 Bg7 3. c3 d6 4. Be2 Nf6 5. Qc2 Nc6 6. Nf3 e5 7. Bg5 0-0 8. 0-0 h6 9. Bh4 Qe7 10. Nbd2 Bg4 11. Bd3 Rae8 12. Rfe1 Qd8 13. h3 Bd7 14. Rad1 Qc8 15. Bg3 Nh5 16. Bh2 g5 17. g4 Nf4 18. Bxf4 gxf4 19. Nh2 exd4 20. f3 Qd8 21. Nhf1 Qh4 22. Kg2 f5 23. Qb3+ Kh8 24. Qxb7 fxg4 25. hxg4 Bxg4 26. Qxc6 Bh3+ 27. Kg1 Qg5+ 0-1